00815nam a2200205 a 450000100100000000500170001000800410002702000150006804000250008308200130010810000430012124500820016426000460024630000280029249000610032050400320038183000680041395201110048199900170059200004245020201002040150.0131203s1973 sp 000 0 spa d a8460055760 aDO-SdBNPbspacBNPHU axxxbxxx1 aGarcía Barquero, Juan Antonio96961110aAproximaciones al teatro clasico español /cJuan Antonio García Barquero. aSevilla :bUniversidad de Sevilla,c1973. a216 p. :bil. ;c19 cm.1 aPublicaciones de la Universidad de SevillaaBolsillov14 aBibliografía : p. 217-223 0aPublicaciones de la Universidad de Sevillan14pBolsillo969612 001050718MOaGRbGRcCTd2013-12-03iLF1l0oxxx xxxp42450-10r2020-06-25w2020-06-25y1ZNo se presta c41939d41939